Top 30 : Linkin Park - Statistiques

Statistiques générales
  • Ce quiz a été pris 145 fois
  • Le résultat moyen est 18 sur 30
Statistiques - réponses
Top Titres Featuring % Correct
2 Numb
99%
4 Numb / Encore JAY-Z
99%
1 In the End
95%
11 The Emptiness Machine
79%
5 Faint
75%
9 Crawling
73%
19 Heavy Kiiara
73%
3 What I've Done
73%
6 One Step Closer
72%
7 Somewhere I Belong
71%
13 Breaking the Habit
70%
10 Papercut
70%
14 One More Light
67%
8 Bleed It Out
62%
21 Heavy Is the Crown
61%
16 Given Up
60%
23 Lost
58%
12 BURN IT DOWN
57%
15 CASTLE OF GLASS
55%
25 From the Inside
55%
17 New Divide
47%
27 Shadow of the Day
47%
18 Lying from You
43%
29 Runaway
42%
22 A Place for My Head
40%
20 Leave Out All The Rest
40%
30 Waiting for the End
40%
26 Don't Stay
36%
28 LOST IN THE ECHO
32%
24 Points of Authority
23%
Aucun quiz correspondant
Distribution des résultats
% des personnes avec chaque résultat
Percentile par nombre de réponses
Votre historique - résultats
Vous n’avez pas pris ce quiz